Quiz da Serra Leoa - Statistics

Estatísticas Gerais
  • Esse quiz foi jogado 475 vezes
  • A pontuação média é 9 de 16
Estatísticas das Respostas
Dica Resposta % Correto
Língua oficial Inglês
91%
Vírus que matou 3.956 pessoas durante 2013 e 2016 Ebola
88%
Isso foi abolido em 1928 Escravidão
87%
Países fronteiriços Guiné
85%
Religião mais comum Islã
82%
Países fronteiriços Libéria
82%
Maiores cidades Freetown
70%
A Serra Leoa fazia parte deste Império, 1808-1961 Império Britânico
69%
Exportação mais importante Diamantes
61%
Filme de 2006 sobre o comércio do acima, estrelado por Leonardo DiCaprio Diamante de Sangue
43%
Colheita mais importante Arroz
37%
Moeda oficial Leone
25%
Maiores cidades Bo
22%
A capital foi parcialmente fundada como um lugar para negros que lutaram nesta guerra Revolução Americana
21%
Maiores cidades Kenema
17%
Maior montanha Monte Bintumani
13%
Nenhum quiz correspondente encontrado
Distribuição das Pontuações
Porcentagem de Pessoas com Cada Pontuação
Percentil de Números Respondidos
Sua Pontuação Histórica
Você não jogou esse quiz